| 000 | 01517cam a2200397 i 4500 | ||
|---|---|---|---|
| 001 | 137325195 | ||
| 003 | OCoLC | ||
| 005 | 20210202194545.0 | ||
| 008 | 070530s2007 ilua b 001 0 spa | ||
| 010 | _a2007022304 | ||
| 020 |
_a1432904434 _q(library binding) |
||
| 020 |
_a9781432904432 _q(library binding) |
||
| 020 |
_a1432904523 _q(pb) |
||
| 020 |
_a9781432904524 _q(pb) |
||
| 040 |
_aDLC _cDLC _dBAKER _dBTCTA _dTEF _dIG# _dMVP |
||
| 041 | 1 |
_aspa _heng |
|
| 100 | 1 |
_aMayer, Cassie. _0http://id.loc.gov/authorities/names/n2005088384. |
|
| 240 | 1 | 0 |
_aFarming. _lSpanish _0http://id.loc.gov/authorities/names/n2007038040. |
| 245 | 1 | 3 |
_aLa agricultura / _cCassie Mayer. |
| 260 |
_aChicago, Ill. : _bHeinemann Library, _cc2007. |
||
| 264 | 1 |
_aChicago, Ill. : _bHeinemann Library, _c[2007] |
|
| 264 | 4 | _cc2007. | |
| 300 |
_a24 p. : _bcol. ill. ; _c18 x 21 cm. |
||
| 336 |
_atext _btxt _2rdacontent. |
||
| 337 |
_aunmediated _bn _2rdamedia. |
||
| 338 |
_avolume _bnc _2rdacarrier. |
||
| 490 | 1 | _aNuestra comunidad global. | |
| 490 | 1 | _aBellota. | |
| 500 | _aIncludes index. | ||
| 520 | _aDescribes the different farming around the world. What farmers grow and how they work the land. | ||
| 650 | 0 |
_aAgriculture. _0http://id.loc.gov/authorities/subjects/sh85002415. |
|
| 655 | 7 |
_aSpanish language materials. _2lcgft. |
|
| 830 | 0 |
_aNuestra comunidad global. _0http://id.loc.gov/authorities/names/no2007144707. |
|
| 830 | 0 |
_aLibros Bellota. _0http://id.loc.gov/authorities/names/no2010010672. |
|
| 942 |
_cBK _2ddc |
||
| 999 |
_c24811 _d24811 |
||